[Event "Leipzig VfB op 08th"]
[Site "Leipzig"]
[Date "2001.02.24"]
[Round "8"]
[White "Van Treeck, Sophia"]
[Black "Krenz, Sarah"]
[Result "1/2-1/2"]
[WhiteElo "807"]
[BlackElo "1282"]
[PlyCount "53"]
[EventDate "2001.02.20"]
[EventType "swiss"]
[EventRounds "9"]
[EventCountry "GER"]
[SourceTitle "EXT 2008"]
[Source "ChessBase"]
[SourceDate "2007.11.25"]
[SourceVersion "1"]
[SourceVersionDate "2007.11.25"]
[SourceQuality "1"]

1. e4 d5 2. exd5 Qxd5 3. Nc3 Qa5 4. d4 c6 5. Nf3 Nf6 6. Ne5 Bf5 7. Bc4 e6 8. 0-0 Nbd7 9. Re1 Be7 10. Bg5 Qc7 11. f4 h6 12. Bh4 Nxe5 13. fxe5 Nd5 14. Bxe7 Qxe7 15. Nxd5 exd5 16. Bd3 Bxd3 17. Qxd3 0-0-0 18. Qf5+ Qe6 19. Rf1 Rd7 20. Qxe6 fxe6 21. Rf4 Re8 22. Raf1 Ree7 23. Rf8+ Rd8 24. R1f7 Rxf7 25. Rxf7 Rd7 26. Rxd7 Kxd7 27. b3 1/2-1/2

[Event "Leipzig VfB op 08th"]
[Site "Leipzig"]
[Date "2001.02.22"]
[Round "4"]
[White "Van Treeck, Sophia"]
[Black "Funkner, Andreas"]
[Result "1/2-1/2"]
[WhiteElo "807"]
[BlackElo "1502"]
[PlyCount "24"]
[EventDate "2001.02.20"]
[EventType "swiss"]
[EventRounds "9"]
[EventCountry "GER"]
[SourceTitle "EXT 2008"]
[Source "ChessBase"]
[SourceDate "2007.11.25"]
[SourceVersion "1"]
[SourceVersionDate "2007.11.25"]
[SourceQuality "1"]

1. e4 c6 2. d4 d5 3. f3 e6 4. c4 dxe4 5. fxe4 Qh4+ 6. Ke2 Qxe4+ 7. Kf2 Nf6 8. Nc3 Ng4+ 9. Kg3 Bd6+ 10. Kh4 Be7+ 11. Kg3 Bd6+ 12. Kh4 Be7+ 1/2-1/2